000 00741nam a2200265Ia 4500
003 OSt
005 20220925223349.0
006 a|||||r|||| 00| 0
007 ta
008 220923b |||||||| |||| 00| 0 eng d
020 _a041503115X
037 _cGeneral Book
040 _aRTL
_cRTL
_beng
041 _2eng
_aeng
082 _aU287, P1
100 _aBarry Roger G
_9250381
245 0 _aSynoptic and dynamic climatology
260 _aLondon
_bRoutledge
_c2001
300 _axi, 620p
_ccm.
500 _aBibliography Chapterwise and: P 606-10
650 _aClimate
700 _a Carleton Andrew M
_9289486
942 _hU287, P1
_cGB
_2CC
999 _c579333
_d579333